| 000 | 00503nam a2200169 a 4500 | ||
|---|---|---|---|
| 005 | 20140822095637.0 | ||
| 008 | 140822b1999 CK ||||| |||| 00| 0 spa d | ||
| 020 | _a9586980006 | ||
| 041 | _aspa | ||
| 082 | 0 | 4 |
_aLB _b665.12 |
| 100 |
_aMuñoz Hoyos, Jairo _925778 |
||
| 245 | _aGuía para el manejo, cría y conservación del laurel de cera Myryca pubescens H AND B ex Willdenow | ||
| 260 |
_aBogotá _bCAB _c2005 |
||
| 300 | _a36 p. | ||
| 700 |
_aLuna Cabrera, Cristina _925779 |
||
| 942 |
_cCD-ROM _01 _2ddc |
||
| 999 |
_c5482 _d5482 |
||